UBT Library

Konferenca e Rambujesë (Record no. 60946)

000 -LEADER
fixed length control field 00304nam a22001337a 4500
008 - FIXED-LENGTH DATA ELEMENTS--GENERAL INFORMATION
fixed length control field 260327b ||||| |||| 00| 0 eng d
020 ## - INTERNATIONAL STANDARD BOOK NUMBER
International Standard Book Number 9951050107
041 ## - LANGUAGE CODE
Language code of text/sound track or separate title Shqip
080 ## - UNIVERSAL DECIMAL CLASSIFICATION NUMBER
Universal Decimal Classification number 821.18
100 ## - Rafti
Rafti 32
101 ## - Shkurtesa
Shkurtesa Konference
245 ## - TITLE STATEMENT
Title Konferenca e Rambujesë
Statement of responsibility, etc Edita Tahiri
942 ## - ADDED ENTRY ELEMENTS (KOHA)
Source of classification or shelving scheme
Item type Books
Holdings
Withdrawn status Lost status Source of classification or shelving scheme Damaged status Not for loan Collection code Permanent location Current location Date acquired Total Checkouts Barcode Date last seen Price effective from Koha item type
          Koleksioni i përgjithshem UBT - Lipjan UBT - Lipjan 03/27/2026   003-800070999500 03/27/2026 03/27/2026 Books
          Koleksioni i përgjithshem UBT - Lipjan UBT - Lipjan 03/27/2026   003-800070999501 03/27/2026 03/27/2026 Books
UBT Library © 2015-2024. All rights reserved University Education for Business and Technology